A reklám, mint alkalmazott művészet
| Szerző: | |
|---|---|
| További közreműködők: | |
| Dokumentumtípus: | Projektmunka |
| Kulcsszavak: | marketingkommunikáció művészetek reklám vizuális kultúra zene |
| Online Access: | http://dolgozattar.uni-bge.hu/59677 |
MARC
| LEADER | 00000nnm a2200000 i 4500 | ||
|---|---|---|---|
| 001 | dolg59677 | ||
| 005 | 20260409145414.0 | ||
| 008 | 260409suuuu hu o 000 hun d | ||
| 040 | |a BGE Dolgozattár Repozitórium |b hun | ||
| 041 | |a hu | ||
| 100 | 1 | |a Jánny Lili Veronika | |
| 245 | 1 | 2 | |a A reklám, mint alkalmazott művészet |c Jánny Lili Veronika |h [elektronikus dokumentum] |
| 516 | |a Project_work | ||
| 520 | 3 | |a A dolgozat a reklám és a művészetek közötti kapcsolatot vizsgálja, különös tekintettel a vizuális és auditív kultúra reklámiparra gyakorolt hatására. A reklámok gyakran használnak művészeti elemeket, ami felveti a kérdést, hogy ezek az elemek mennyire befolyásolják a fogyasztók vásárlási döntéseit. A kutatás célja továbbá, hogy feltárja, mely művészeti stílusokat és elemeket alkalmazzák leggyakrabban a reklámokban, és hogy ezek mennyire szembetűnőek a fogyasztók számára. A kutatás kérdőíves megkérdezés alapján történt és segítségével beigazolódott azon állításom, hogy a különböző művészeti elemek hatással vannak a fogyasztói döntésekre. | |
| 695 | |a marketingkommunikáció | ||
| 695 | |a művészetek | ||
| 695 | |a reklám | ||
| 695 | |a vizuális kultúra | ||
| 695 | |a zene | ||
| 700 | 1 | |a Sólyomfi Dr. Andrea Hanna |e ths | |
| 856 | 4 | 0 | |u http://dolgozattar.uni-bge.hu/59677/1/A%20rekl%C3%A1m%2C%20mint%20alkalmazott%20m%C5%B1v%C3%A9szet.pdf |z Dokumentum-elérés |
| 856 | 4 | 0 | |u http://dolgozattar.uni-bge.hu/59677/2/J%C3%A1nnyi%20Lili%20Veronika%20.pdf |z Dokumentum-elérés |